000 00459nam a22001817a 4500
003 MPLRDC
005 20220104123352.0
008 210129b ||||| |||| 00| 0 eng d
020 _a962-436-019-7
082 _a296.5 HY v.1
100 _a黄易
245 _a惊世大预言
_c
260 _a
_b聚贤馆文化有限公司
_c
300 _b
490 _a黄易超自然搜奇. 1
650 _a通灵术; 心灵术--预言
942 _cBK
_o296.5 HY v.1
999 _c10879
_d10869